000 00329nam a2200145Ia 4500
005 20260328104329.0
008 260328s9999||||xx |||||||||||||| ||und||
100 _aSpeck, Jeff
245 0 _aWalkable City Rules /
_cJeff Speck
250 _a5a ed.
260 _bIsland
300 _a312 p.
650 _aURBANISMO
942 _cBK
999 _c11639
_d11639